Pasívna a aktívna vibroizolácia strojov
Saved in:
| Main Author: | |
|---|---|
| Other Authors: | , |
| Format: | Book |
| Language: | Slovak |
| Published: |
Bratislava :
Nakladateľstvo STU,
2012
|
| Edition: | 1. vyd. |
| Subjects: | |
| Tags: |
No Tags, Be the first to tag this record!
|
MARC
| LEADER | 00000nam a22000003a 4500 | ||
|---|---|---|---|
| 001 | stu253812 | ||
| 005 | 20220317191141.2 | ||
| 008 | 120828s2012------------------------slo-d | ||
| 020 | |a 978-80-227-3733-3 | ||
| 040 | |a STU |b slo | ||
| 041 | 0 | |a slo | |
| 080 | |a 531/534 |7 stu_us_auth*stu7969 | ||
| 100 | 1 | |a Musil, Miloš, |d 1962- |4 aut |u J0010 |9 100 |U SjF Strojnícka fakulta |T SjF Ústav aplikovanej mechaniky a mechatroniky |X 2301 |U J0010 |Y 801 |7 A000002301 | |
| 245 | 1 | |a Pasívna a aktívna vibroizolácia strojov | |
| 250 | |a 1. vyd. | ||
| 260 | |a Bratislava : |b Nakladateľstvo STU, |c 2012 | ||
| 300 | |a 152 s | ||
| 650 | 7 | |a vibroisolation |2 estusub | |
| 650 | 7 | |a vibroizolácia |2 stusub | |
| 650 | 7 | |a mechanika |2 stusub | |
| 700 | 1 | |a Záhorec, Ondrej, |d 1939- |4 rev |u J0010 |U SjF Strojnícka fakulta |T SjF Ústav aplikovanej mechaniky a mechatroniky |X 3503 |U J0010 |Y 801 |7 A000003503 | |
| 700 | 1 | |a Segľa, Štefan |4 rev | |
| 996 | |b 284J040452 |c J*115226 |l JJST |s P |a 0 |w stu253812_0001 | ||
| 996 | |b 284J040453 |c J*115227 |l JJSK |s A |a 24 |w stu253812_0002 | ||
| 996 | |b 284J040455 |c J*115229 |l JJSK |s A |a 24 |w stu253812_0003 | ||
| 996 | |b 284J040456 |c J*115230 |l JJSK |s A |a 24 |w stu253812_0004 | ||
| 996 | |b 284J040457 |c J*115231 |l JJSK |s A |a 24 |w stu253812_0005 | ||
| 996 | |b 284J040458 |c J*115232 |l JJSK |s A |a 24 |w stu253812_0006 | ||
| 996 | |b 284J040459 |c J*115233 |l JJSK |s A |a 24 |w stu253812_0007 | ||
| 996 | |b 284J040460 |c J*115234 |l JJSK |s A |a 24 |w stu253812_0008 | ||
| 996 | |b 284J040461 |c J*115235 |l JJSK |s A |a 24 |w stu253812_0009 | ||
| 996 | |b 284J040462 |c J*115236 |l JJSK |s A |a 24 |w stu253812_0010 | ||
| 996 | |b 284J040463 |c J*115237 |l JJSK |s A |a 24 |w stu253812_0011 | ||
| 996 | |b 284J040464 |c J*115238 |l JJSK |s A |a 24 |w stu253812_0012 | ||
| 996 | |b 284J040465 |c J*115239 |l JJSK |s A |a 24 |w stu253812_0013 | ||
| 996 | |b 284J040466 |c J*115240 |l JJSK |s A |a 24 |w stu253812_0014 | ||
| 996 | |b 284J040467 |c J*115241 |l JJSK |s A |a 24 |w stu253812_0015 | ||
| 996 | |b 284J040468 |c J*115242 |l JJSK |s A |a 24 |w stu253812_0016 | ||
| 996 | |b 284J040469 |c J*115243 |l JJSK |s A |a 24 |w stu253812_0017 | ||
| 996 | |b 284J040470 |c J*115244 |l JJSK |s A |a 24 |w stu253812_0018 | ||
| 996 | |b 284J040471 |c J*115245 |l JJSK |s A |a 24 |w stu253812_0019 | ||
| 996 | |b 284J040472 |c J*115246 |l JJSK |s A |a 24 |w stu253812_0020 | ||
| 996 | |b 284J040473 |c J*115247 |l JJSK |s A |a 24 |w stu253812_0021 | ||
| 996 | |b 284J040474 |c J*115248 |l JJSK |s A |a 24 |w stu253812_0022 | ||
| 996 | |b 284J040475 |c J*115249 |l JJSK |s A |a 24 |w stu253812_0023 | ||
| 996 | |b 284J040501 |c J*115275 |l JJSK |s A |a 24 |w stu253812_0024 | ||
| 996 | |b 284J040477 |c J*115251 |l JJSK |s A |a 24 |w stu253812_0025 | ||
| 996 | |b 284J040478 |c J*115252 |l JJSK |s A |a 24 |w stu253812_0026 | ||
| 996 | |b 284J040479 |c J*115253 |l JJSK |s A |a 24 |w stu253812_0027 | ||
| 996 | |b 284J040480 |c J*115254 |l JJSK |s A |a 24 |w stu253812_0028 | ||
| 996 | |b 284J040481 |c J*115255 |l JJSK |s A |a 24 |w stu253812_0029 | ||
| 996 | |b 284J040482 |c J*115256 |l JJSK |s A |a 24 |w stu253812_0030 | ||
| 996 | |b 284J040483 |c J*115257 |l JJSK |s A |a 24 |w stu253812_0031 | ||
| 996 | |b 284J040484 |c J*115258 |l JJSK |s A |a 24 |w stu253812_0032 | ||
| 996 | |b 284J040485 |c J*115259 |l JJSK |s A |a 24 |w stu253812_0033 | ||
| 996 | |b 284J040486 |c J*115260 |l JJSK |s A |a 24 |w stu253812_0034 | ||
| 996 | |b 284J040487 |c J*115261 |l JJSK |s A |a 24 |w stu253812_0035 | ||
| 996 | |b 284J040488 |c J*115262 |l JJSK |s A |a 24 |w stu253812_0036 | ||
| 996 | |b 284J040489 |c J*115263 |l JJSK |s A |a 24 |w stu253812_0037 | ||
| 996 | |b 284J040490 |c J*115264 |l JJSK |s A |a 24 |w stu253812_0038 | ||
| 996 | |b 284J040491 |c J*115265 |l JJSK |s A |a 24 |w stu253812_0039 | ||
| 996 | |b 284J040492 |c J*115266 |l JJSK |s A |a 24 |w stu253812_0040 | ||
| 996 | |b 284J040493 |c J*115267 |l JJSK |s A |a 24 |w stu253812_0041 | ||
| 996 | |b 284J040494 |c J*115268 |l JJSK |s A |a 24 |w stu253812_0042 | ||
| 996 | |b 284J040495 |c J*115269 |l JJSK |s A |a 24 |w stu253812_0043 | ||
| 996 | |b 284J040496 |c J*115270 |l JJSK |s A |a 24 |w stu253812_0044 | ||
| 996 | |b 284J040497 |c J*115271 |l JJSK |s A |a 24 |w stu253812_0045 | ||
| 996 | |b 284J040498 |c J*115272 |l JJSK |s A |a 24 |w stu253812_0046 | ||
| 996 | |b 284J040499 |c J*115273 |l JJSK |s A |a 24 |w stu253812_0047 | ||
| 996 | |b 284J040500 |c J*115274 |l JJSK |s A |a 24 |w stu253812_0048 | ||
| 996 | |b 284J040454 |c J*115228 |l JJSK |s A |a 24 |w stu253812_0049 | ||
| 996 | |b 284J040549 |c J*115323 |l JJSK |s A |a 24 |w stu253812_0050 | ||
| 996 | |b 284J040476 |c J*115250 |l JJSK |s A |a 24 |w stu253812_0051 | ||
| 996 | |b 284J040923 |c J*115695 |l JJSK |s A |a 24 |w stu253812_0052 | ||